书目信息 |
| 题名: |
书法谈丛
|
|
| 作者: | 刘涛 著 | |
| 分册: | ||
| 出版信息: | 北京 中华书局 1999 |
|
| 页数: | 285页 | |
| 开本: | 19cm | |
| 丛书名: | 文史知识文库 | |
| 单 册: | ||
| 中图分类: | J292.1 , I-5 | |
| 科图分类: | ||
| 主题词: | 书法--研究--中国--古代 , 文学 | |
| 电子资源: | ||
| ISBN: | 7-101-01936-6 | |
| 000 | 00643oam2 2200253 450 | |
| 001 | 1553325676 | |
| 005 | 20150128144923.28 | |
| 010 | @a7-101-01936-6@dCNY19.00 | |
| 100 | @a20000306d1999 em y0chiy0110 ea | |
| 101 | 0 | @achi |
| 102 | @aCN@b110000 | |
| 105 | @af z 000yy | |
| 200 | 1 | @a书法谈丛@9shu fa tan cong@f刘涛著 |
| 210 | @a北京@c中华书局@d1999 | |
| 215 | @a285页@c图@d19cm | |
| 225 | 2 | @a文史知识文库 |
| 461 | 0 | @12001 @a文史知识文库 |
| 606 | 0 | @a书法@x研究@y中国@z古代 |
| 606 | 0 | @a文学 |
| 690 | @aJ292.1@v5 | |
| 690 | @aI-5@v4 | |
| 701 | 0 | @a刘涛@9liu tao@4著 |
| 801 | 0 | @aCN@bTSSF@c20150128 |
| 905 | @aZUCC@dI-5@eJY10 | |
| 书法谈丛/刘涛著.-北京:中华书局,1999 |
| 285页:图;19cm.-(文史知识文库) |
| ISBN 7-101-01936-6:CNY19.00 |
| ● |
| 相关链接 |
|
|
|
|
正题名:书法谈丛
索取号:I-5/JY10
 
预约/预借
| 序号 | 登录号 | 条形码 | 馆藏地/架位号 | 状态 | 备注 |
| 1 | 7838992 | 278389922 | 学院路分馆/ [索取号:I-5/JY10] | 在馆 | |
| 2 | 7838993 | 278389931 | 学院路分馆/ [索取号:I-5/JY10] | 在馆 | |
| 3 | 7838994 | 278389940 | 学院路分馆/ [索取号:I-5/JY10] | 在馆 |